|
|
|
|
| LEADER |
00000nam a22000007a 4500 |
| 005 |
20181230123916.0 |
| 007 |
cr|||| |||| |
| 008 |
181230s2009 it |||||s|||| 00||0 ita d |
| 020 |
|
|
|a 9788884228680
|
| 035 |
|
|
|a 22632
|
| 040 |
|
|
|a vLex
|
| 090 |
|
|
|c 8414
|d 8414
|
| 100 |
1 |
|
|a Pardolesi, Paolo
|
| 245 |
1 |
0 |
|a Promissory estoppel
|h [Recurso electrn̤ico] :
|b affidamento e vincolativit ̉della promessa /
|c Paolo Pardolesi
|
| 256 |
|
|
|a Servicio en ln̕ea
|
| 260 |
|
|
|a Bari:
|b Cacucci Editore,
|c 2009
|
| 300 |
|
|
|a 1 recurso electrn̤ico
|
| 506 |
1 |
|
|a Disponible solo en los productos indicados
|d vLex Global
|d vLex Global (Academic Edition, excluding Law Schools)
|d vLex Global (U.S. Academic Edition, Law Schools)
|d vLex Global (U.S. Academic Edition, excluding Law Schools)
|d vLex Global (Academic Edition, Law Schools)
|
| 650 |
0 |
4 |
|a Derecho Internacional
|z Italia
|
| 740 |
0 |
|
|a vLex Libros (Servicio en ln̕ea)
|
| 856 |
4 |
0 |
|u http://vlex.com/source/promissory-estoppel-affidamento-vincolativita-promessa-22632
|z Acceso restringido
|
| 942 |
|
|
|c BOOK
|
| 999 |
0 |
|
|a International right
|